| 000 | 00419nam a2200169Ia 4500 | ||
|---|---|---|---|
| 999 |
_c25146 _d25146 |
||
| 008 | 141014s9999||||xx |||||||||||||| ||und|| | ||
| 010 | _a24996 | ||
| 020 | _aS/ISBN | ||
| 040 | _aANE | ||
| 041 | _aEs | ||
| 082 | _a355.1339866 A168 | ||
| 110 | _aAcademia de abogados de Quito | ||
| 245 | _aTratados VIII y IX del código militar | ||
| 250 | _aS/E | ||
| 260 |
_aEcuador _cS/A _bSalesianos |
||
| 300 |
_a551 p _c24 cm |
||
| 942 |
_cBK _2ddc _zNr. |
||